000
00322nam a2200133Ia 4500
005
20251222153551.0
008
251222s9999||||xx |||||||||||||| ||spa||
020
_a
88-88405-07-0
082
_a
858.9/A87
100
_a
Atzeni, Sergio
245
0
_a
El Hijo de BakunĂn
264
_b
Arci Solidarieta Cesenate
942
_c
LIB
999
_c
30841
_d
30841